<?xml version="1.0" encoding="UTF-8"?>
<record
    xmlns:xsi="http://www.w3.org/2001/XMLSchema-instance"
    xsi:schemaLocation="http://www.loc.gov/MARC21/slim http://www.loc.gov/standards/marcxml/schema/MARC21slim.xsd"
    xmlns="http://www.loc.gov/MARC21/slim">

  <leader>00944njm a22002537a 4500</leader>
  <controlfield tag="005">20100922114049.0</controlfield>
  <controlfield tag="006">a|||||r|||||00| 0 </controlfield>
  <controlfield tag="007">sd ammalaaahaa</controlfield>
  <controlfield tag="008">100922t        xxu||||| |||| 00| 0 pun d</controlfield>
  <datafield tag="028" ind1=" " ind2=" ">
    <subfield code="a">S/MOCE,2018</subfield>
    <subfield code="b">Odeon</subfield>
  </datafield>
  <datafield tag="035" ind1=" " ind2=" ">
    <subfield code="a">GR-09178</subfield>
  </datafield>
  <datafield tag="040" ind1=" " ind2=" ">
    <subfield code="a">SED</subfield>
    <subfield code="c">SED</subfield>
  </datafield>
  <datafield tag="100" ind1=" " ind2=" ">
    <subfield code="a">&#xA28;&#xA30;&#xA47;&#xA70;&#xA26;&#xA30; &#xA2C;&#xA40;&#xA2C;&#xA3E;</subfield>
    <subfield code="9">21104</subfield>
  </datafield>
  <datafield tag="245" ind1=" " ind2=" ">
    <subfield code="a"> &#xA38;&#xA3E;&#xA15;&#xA3E; &#xA38;&#xA30;&#xA39;&#xA70;&#xA26;../</subfield>
    <subfield code="c">&#xA28;&#xA30;&#xA47;&#xA70;&#xA26;&#xA30; &#xA2C;&#xA40;&#xA2C;&#xA3E;...[et.al]</subfield>
    <subfield code="h">Medium [Sound recording]</subfield>
  </datafield>
  <datafield tag="246" ind1=" " ind2=" ">
    <subfield code="a">kudi diya janjara (Prakash kaur)</subfield>
  </datafield>
  <datafield tag="260" ind1=" " ind2=" ">
    <subfield code="a">Dum Dum, India</subfield>
    <subfield code="b">Odeon</subfield>
    <subfield code="c">n.d.</subfield>
  </datafield>
  <datafield tag="300" ind1=" " ind2=" ">
    <subfield code="a">1 Sound disc [Gramophon Recording]</subfield>
    <subfield code="b">analog,33 1/3 rpm</subfield>
    <subfield code="c">12 in. (LP)</subfield>
    <subfield code="f">Gramophon Record</subfield>
  </datafield>
  <datafield tag="500" ind1=" " ind2=" ">
    <subfield code="a">Brief record</subfield>
  </datafield>
  <datafield tag="500" ind1=" " ind2=" ">
    <subfield code="a">Record labels :His Master Voice, Red</subfield>
  </datafield>
  <datafield tag="505" ind1=" " ind2=" ">
    <subfield code="a">Side-2 &#xA2A;&#xA3E;&#xA20; &#xA38;&#xA41;&#xA16;&#xA2E;&#xA28;&#xA40; &#xA38;&#xA3E;&#xA39;&#xA3F;&#xA2C;  (Path Sukhmani Sahib)  (Tarlochan Singh Ragi) </subfield>
  </datafield>
  <datafield tag="600" ind1=" " ind2=" ">
    <subfield code="9">21105</subfield>
  </datafield>
  <datafield tag="650" ind1=" " ind2=" ">
    <subfield code="a">Punjabi Song</subfield>
    <subfield code="x">Excerpts</subfield>
    <subfield code="z">India</subfield>
    <subfield code="9">21106</subfield>
  </datafield>
  <datafield tag="942" ind1=" " ind2=" ">
    <subfield code="2">ddc</subfield>
    <subfield code="c">GR</subfield>
  </datafield>
  <datafield tag="999" ind1=" " ind2=" ">
    <subfield code="c">47869</subfield>
    <subfield code="d">47869</subfield>
  </datafield>
</record>
